Применение PEST-анализа для стратегии позиционирования на рынке; Ресурсосберегающие технологии в контроле, управлении качеством и безопасности
| Parent link: | Ресурсосберегающие технологии в контроле, управлении качеством и безопасности.— 2024.— С. 172-177 |
|---|---|
| Main Author: | |
| Corporate Author: | |
| Other Authors: | , |
| Summary: | Заглавие с экрана В данной статье доказано, что PEST-анализ один из инструментов, который помогает разработать стратегию развития бизнеса на основе анализа рынка, потребностей потенциальных клиентов, конкурентов и тенденций в исследуемой сфере услуг. In this article, it is proven that PEST-analysis is one of the tools that helps develop a business development strategy based on market analysis, the needs of potential clients, competitors and trends in the service sector under study. |
| Language: | Russian |
| Published: |
2024
|
| Subjects: | |
| Online Access: | http://earchive.tpu.ru/handle/11683/77523 |
| Format: | Electronic Book Chapter |
| KOHA link: | https://koha.lib.tpu.ru/cgi-bin/koha/opac-detail.pl?biblionumber=670766 |
MARC
| LEADER | 00000naa2a2200000 4500 | ||
|---|---|---|---|
| 001 | 670766 | ||
| 005 | 20240222111423.0 | ||
| 090 | |a 670766 | ||
| 100 | |a 20240219d2024 k||y0rusy50 ca | ||
| 101 | 0 | |a rus | |
| 102 | |a RU | ||
| 135 | |a drcn ---uucaa | ||
| 200 | 1 | |a Применение PEST-анализа для стратегии позиционирования на рынке |d Applying PEST analysis for market positioning strategy |f А. П. Оптовец, И. В. Плотникова, И. Ваулина |g Национальный исследовательский Томский политехнический университет |z eng | |
| 300 | |a Заглавие с экрана | ||
| 320 | |a Список использованных источников: с. 177 | ||
| 330 | |a В данной статье доказано, что PEST-анализ один из инструментов, который помогает разработать стратегию развития бизнеса на основе анализа рынка, потребностей потенциальных клиентов, конкурентов и тенденций в исследуемой сфере услуг. | ||
| 330 | |a In this article, it is proven that PEST-analysis is one of the tools that helps develop a business development strategy based on market analysis, the needs of potential clients, competitors and trends in the service sector under study. | ||
| 463 | 1 | |0 670687 |t Ресурсосберегающие технологии в контроле, управлении качеством и безопасности |o сборник научных трудов XII Международной конференции студентов, аспирантов, молодых ученых "Ресурсоэффективные системы в управлении и контроле: взгляд в будущее", г. Томск, 07-10 ноября 2023 г. |v С. 172-177 |d 2024 |9 670687 |a Национальный исследовательский Томский политехнический университет (ТПУ) |c Томск |n Изд-во ТПУ |p 1 файл (6,35 Мб, 244 с.) | |
| 510 | 1 | |a Applying PEST analysis for market positioning strategy |z eng | |
| 610 | 1 | |a электронный ресурс | |
| 610 | 1 | |a труды учёных ТПУ | |
| 610 | 1 | |a анализ | |
| 610 | 1 | |a внешние факторы | |
| 610 | 1 | |a PEST-анализ | |
| 610 | 1 | |a оценка | |
| 610 | 1 | |a факторы | |
| 610 | 1 | |a analysis | |
| 610 | 1 | |a external factors | |
| 610 | 1 | |a PEST-analysis | |
| 610 | 1 | |a assessment | |
| 610 | 1 | |a factors | |
| 700 | 1 | |a Оптовец |b А. П. |g Арина Павловна | |
| 701 | 1 | |a Плотникова |b И. В. |c специалист в области качества |c доцент Томского политехнического университета, кандидат технических наук |f 1965- |g Инна Васильевна |9 14169 | |
| 701 | 1 | |a Ваулина |b И. |g Ира | |
| 712 | 0 | 2 | |a Национальный исследовательский Томский политехнический университет |c (2009- ) |3 (RuTPU)RU\TPU\col\15902 |9 26305 |
| 801 | 2 | |a RU |b 63413507 |c 20240219 |g RCR | |
| 850 | |a 63413507 | ||
| 856 | 4 | |u http://earchive.tpu.ru/handle/11683/77523 |z http://earchive.tpu.ru/handle/11683/77523 | |
| 942 | |c CF | ||